000 01600nam a22003851ib4500
005 20200517130308.0
008 200517t20142015nyua j 6 000 1 eng d
020 _a9780785193722
_cRM 58.17
_qhardback
040 _aPPAK
_beng
_cPPAK
_erda
082 0 4 _223
_a741.5
090 0 0 _a741.5
_bHIC
_dG
100 1 _aHickman, Jonathan
_eauthor.
245 1 0 _aAVENGERS :
_bTIME RUNS OUT /
_cWRITER: JONATHAN HICKMAN ; NEW AVENGERS #26 ARTIST: KEV WALKER ; AVENGERS #38 ARTIST: STEFANO CASELLI ; NEW AVENGERS #27 ARTIST: SZYMON KUDRANSKI ; AVENGERS #39 ARTIST: MIKE DEODATO ; NEW AVENGERS #28 ARTIST: MIKE DEODARO & MIKE PERKINS
_nVOLUME TWO
246 0 8 _aAVENGERS :
_bTIME RUNS OUT
_n2
246 0 3 _aAVENGERS :
_bTIME RUNS OUT
_nVOLUME 2
264 1 _aNew York, NY:
_bMARVEL WORLDWIDE, INC.,
_c2015
264 4 _c©2014
300 _a1 volume (unpaged) :
_bchiefly color illustrations ;
_c27 cm.
336 _2rdacontent
_atext
_astill image
337 _2rdamedia
_aunmediated
338 _2rdacarrier
_avolume
490 1 _aAvengers,
_v2
490 1 _aMarvel now!
500 _a"Contains material originally published in magazine form as Avengers #38-39 and New Avengers #26-28"--Title page verso.
650 1 0 _aAvengers (Fictitious characters)
_vComic books, strips, etc.
650 2 0 _aSuperheroes
_vComic books, strips, etc.
700 1 _aWalker, Kev
_eartist.
700 1 _aCaselli, Stefano
_eartist.
700 1 _aKudranski, Szymon
_eartist.
700 1 _aDeodato, Mike
_eartist.
700 1 _aPerkins, Mike
_eartist.
830 0 _aAvengers,
_n2
830 0 _aMarvel now!
942 _2ddc
_cB
999 _c177202
_d177202